Microbial ecology : (Record no. 164074)

MARC details
000 -LEADER
fixed length control field 00828nam a2200229 a 4500
008 - FIXED-LENGTH DATA ELEMENTS--GENERAL INFORMATION
fixed length control field
090 ## - LOCALLY ASSIGNED LC-TYPE CALL NUMBER (OCLC); LOCAL CALL NUMBER (RLIN)
Classification number (OCLC) (R) ; Classification number, CALL (RLIN) (NR) QR100
Local cutter number (OCLC) ; Book number/undivided call number, CALL (RLIN) MIC
003 - CONTROL NUMBER IDENTIFIER
control field
005 - DATE AND TIME OF LATEST TRANSACTION
control field 20230123134330.0
040 ## - CATALOGING SOURCE
Transcribing agency NUST
049 ## - LOCAL HOLDINGS (OCLC)
Holding library MAIN
111 2# - MAIN ENTRY--MEETING NAME
Meeting name or jurisdiction name as entry element Seventhl Symposium of the society for general microbioloy held at the Royal Institution,
Location of meeting London :
Date of meeting or treaty signing 1957 Apr.
245 10 - TITLE STATEMENT
Title Microbial ecology :
Remainder of title seventh symposium on microbial ecology /
Statement of responsibility, etc. edited by R.E.O. Williams and C.C. Spicer
246 10 - VARYING FORM OF TITLE
Title proper/short title Microbial ecology.
260 ## - PUBLICATION, DISTRIBUTION, ETC.
Place of publication, distribution, etc. Cambridge :
Name of publisher, distributor, etc. University Press,
Date of publication, distribution, etc. 1957.
300 ## - PHYSICAL DESCRIPTION
Extent viii, 388 p. :
Other physical details ill. ;
Dimensions 24 cm.
504 ## - BIBLIOGRAPHY, ETC. NOTE
Bibliography, etc. note Included bibliographical references and index.
650 #0 - SUBJECT ADDED ENTRY--TOPICAL TERM
Topical term or geographic name entry element Microbial ecology
General subdivision Congresses.
700 1# - ADDED ENTRY--PERSONAL NAME
Personal name Spicer, C.C.
907 ## - LOCAL DATA ELEMENT G, LDG (RLIN)
a .b10224300
b 26-03-13
c 17-01-07
942 ## - ADDED ENTRY ELEMENTS (KOHA)
Koha item type Ordinary Loan Books
Call number prefix QR100
Call number suffix MIC
Holdings
Date last seen Total Checkouts Full call number Barcode Cost, replacement price Price effective from Koha item type Lost status Source of classification or shelving scheme Damaged status Not for loan Collection Withdrawn status Home library Current library Shelving location Date acquired Cost, normal purchase price
01/23/2023 3 QR100 MIC 92003016301 80.00 01/23/2023 BOOKS   LCC     NFIC   MAIN MAIN GEN 01/23/2023 80.00